000 00468nam a2200145 a 4500
001 000028465
005 20200930054947.0
008 110408s1983 dr 000 d spa d
040 _aDO-SdBNP
_bspa
_cBNPHU
082 _axxxx
_bA453
245 0 0 _aAlocución dirigida al país por el ciudadano presidente de la república Doctor Salvador Jorge Blanco el 10 de mayo de 1983.
260 _aSanto Domingo :
_b[s. n.],
_c[198?].
300 _a8 p. ;
_c22 cm.
049 _aBNPD
999 _c27957
_d27957